|
|
|
|
| LEADER |
00867nam a2200265 a 4500 |
| 001 |
4058 |
| 003 |
BD-DhAAL |
| 005 |
20150301122131.0 |
| 008 |
150301s1992 ilua 001 0 eng |
| 010 |
|
|
|a 91016245
|
| 020 |
|
|
|a 0256107386 (alk. paper)
|
| 040 |
|
|
|a DLC
|c DLC
|d DLC
|d BD-DhAAL
|
| 050 |
0 |
0 |
|a HF5635
|b .I529 1992b
|
| 082 |
0 |
0 |
|a 657/.044
|2 20
|
| 245 |
0 |
0 |
|a Intermediate accounting /
|c Thomas R. Dyckman ... [et al.].
|
| 250 |
|
|
|a Rev. ed.
|
| 260 |
|
|
|a Homewood, IL :
|b Irwin,
|c c1992.
|
| 300 |
|
|
|a xxxi, 1554 p. :
|b ill. (some col.) ;
|c 29 cm.
|
| 500 |
|
|
|a Includes index.
|
| 541 |
|
|
|e 4058
|
| 650 |
|
0 |
|a Accounting.
|9 8887
|
| 700 |
1 |
|
|a Dyckman, Thomas R.
|9 8888
|
| 942 |
|
|
|2 ddc
|c BK
|
| 999 |
|
|
|c 33833
|d 33833
|
| 952 |
|
|
|0 0
|1 0
|2 ddc
|4 0
|6 657_044000000000000_INT
|7 0
|9 52822
|a SCL
|b SCL
|c GEN
|d 2015-03-01
|g 1350.00
|l 0
|o 657.044 INT
|p 3020004058
|r 2015-03-01
|t 1
|w 2015-03-01
|y BK
|